000 00477nam a2200181Ia 4500
008 240925s9999 xx 000 0 und d
020 _a9789332574168
082 _a658.3005 MON
100 _aMondy, R. Wayne; Martocchio, Joseph J.
245 0 _aHuman Reource Management
250 _a14th
260 _aNew Delhi:
_bPearson Education
_c,2016.
300 _a443p.
_b0
_fOriginal
500 _aIncludes Index
600 _aManagement
650 _aManagement
942 _cBK
999 _c16167
_d16167